| 000 | 00841nam a2200289 a 4500 | ||
|---|---|---|---|
| 001 | 2047 | ||
| 003 | BD-RjUL | ||
| 005 | 20211208233454.0 | ||
| 008 | 131210s1964 nyua 000 0 eng | ||
| 035 | _a(BD-RjUL)2074 | ||
| 035 | _a(OCoLC)742470 | ||
| 040 |
_aDLC _cOYU _dOCoLC _dDLC _dBD-RjUL _beng |
||
| 041 | _aeng | ||
| 082 | 0 | 0 |
_a330.82 _bREA 1964 |
| 245 | 1 | 0 |
_aReadings in economics / _cedited by Paul A. Samuelson ... [et al.] |
| 250 | _a4th ed. | ||
| 260 |
_aNew York : _bMcGraw-Hill, _c1964 |
||
| 300 |
_ax, 475 p. _billus. _c26 cm. |
||
| 650 | 0 |
_aEconomics. _96701 |
|
| 700 | 1 |
_aSamuelson, Paul A. _q(Paul Anthony), _d1915-2009, _9230445 |
|
| 700 | 1 |
_a Colen, John R. _9230446 |
|
| 700 | 1 |
_aBishop, Robert L. _9230447 |
|
| 700 | 1 |
_aSaunders, Philip _9230448 |
|
| 942 |
_2ddc _cBK |
||
| 999 |
_c2047 _d2047 |
||